000 00309nam a22001217a 4500
082 _a620.1 ARC'I
100 _aCOOK, N. H,CRANDELL, S. H,ARCHER, R. R
_978588
245 _aAN INTRODUCTION TO THE MECHANICS OF SOLIDS
250 _a2ND
260 _aNEWYORK
_bMCGRAW HILL
_c1972
300 _a620P
942 _cBK
999 _c583696
_d583696